[Event "Summer Prague Open 2024 - A"]
[Site "Olympik hotel, Sokolovska 138, Praha"]
[Date "2024.08.08"]
[Round "8"]
[Board "19"]
[White "Zvolensky, David"]
[Black "Rousek, Jan"]
[Result "1/2-1/2"]
[WhiteElo "2167"]
[BlackElo "2034"]
[PlyCount "0"]
[EventDate "2024.08.02"]
[EventRounds "9"]
[EventCountry "CZE"]

1. e4 c5 2. Nf3 e6 3. d4 cxd4 4. Nxd4 Nf6 5. Nc3 Nc6 6. Ndb5 Bb4 7. a3 Bxc3+ 8. Nxc3
d5 9. exd5 Nxd5 10. Bd2 Nxc3 11. Bxc3 Qxd1+ 12. Rxd1 e5 13. Bd3 Be6 14. O-O f6 15.
f4 exf4 16. Rde1 Kf7 17. Rxf4 Rae8 18. h4 h5 19. Be4 Re7 20. Bf3 Bc8 21. Rxe7+ Kxe7
22. Rc4 Kd6 23. Be1 Be6 24. Bg3+ Kd7 25. Ra4 a6 26. Kf2 g6 27. Rf4 Ke7 28. Re4 Rd8
29. c3 Rd2+ 30. Re2 Rxe2+ 31. Kxe2 Bc4+ 32. Ke3 Ke6 33. Be4 g5 34. Bg6 Bd5 35. Kf2
gxh4 36. Bxh4 Ne5 37. Bh7 Nc4 38. Bg8+ Kd6 39. Bxd5 Kxd5 40. b3 Nd2 41. b4 Ke5 42.
Ke3 Nc4+ 43. Kd3 b5 44. a4 Nb2+ 45. Kc2 Nc4 46. axb5  1/2-1/2

[Event "Summer Prague Open 2024 - A"]
[Site "Olympik hotel, Sokolovska 138, Praha"]
[Date "2024.08.08"]
[Round "8"]
[Board "20"]
[White "Berkes, Alexander"]
[Black "Maj, Pawel"]
[Result "1/2-1/2"]
[WhiteElo "2037"]
[BlackElo "2158"]
[PlyCount "0"]
[EventDate "2024.08.02"]
[EventRounds "9"]
[EventCountry "CZE"]

1. e4 c5 2. Nf3 d6 3. Bb5+ Nd7 4. c3 Ngf6 5. Qe2 a6 6. Ba4 b5 7. Bc2 Bb7 8. O-O Rc8
9. a4 b4 10. cxb4 cxb4 11. d4 Rxc2 12. Qxc2 Bxe4 13. Qe2 Qa8 14. Nbd2 Bd5 15. Nc4
e6 16. Bf4 Ne4 17. a5 g5 18. Nb6 Nxb6 19. axb6 Bb7 20. Bg3 Be7 21. Rfc1 O-O 22. d5
f5 23. h4 Bd8 24. Nd2 Nxg3 25. Qxe6+ Kg7 26. fxg3 Bxb6+ 27. Kh2 Qd8 28. Re1 gxh4
29. Qe7+ Rf7 30. Qxh4 Qxh4+ 31. gxh4 Bf2 32. Re6 Bxh4 33. Re3 Bg5 34. Rd3 Re7 35.
Nc4 Re4 36. b3 Bf6 37. Ra4 Rd4 38. Rxd4 Bxd4 39. Rxb4 Bxd5 40. Kh3 Bc5 41. Ra4 Bb7
42. b4 Bc6 43. Rxa6 Bb5 44. Ra5 Bxc4 45. bxc5 dxc5 46. Rxc5 Bd3 47. Rc6 h6 48. Kg3
Be4 49. Rd6 Ba8 50. Kf2 Be4 51. g3 Ba8 52. Ke3 Bg2 53. Rd7+ Kg6 54. Kf4 Bh3 55. Rd6+
Kg7 56. Ke5 Bg4 57. Rd8 Bh3 58. Rd4 Bg4 59. Ke6 Bh3 60. Ke7 Bg4 61. Rd6 Bh3 62. Rf6
Bg4 63. Rf7+ Kg6 64. Kf8 Bf3 65. Rg7+ Kf6 66. Rg8 f4 67. gxf4 Kf5 68. Kg7 Kxf4 69.
Kxh6 Ke5 70. Kg5 Bd5 71. Re8+ Kd4 72. Kf4 Bc4 73. Rd8+ Kc3 74. Ke3 Bb3 75. Rc8+ Kb2
76. Kd2 Ba2 77. Ra8 Bd5 78. Rb8+ Ka1 79. Kc3 Be6 80. Ra8+ Ba2 81. Ra7 Kb1 82. Re7
Ka1 83. Kc2 Bb1+ 84. Kc1 Ba2 85. Re1 Bb1 86. Rg1 Bf5 87. Rg5 Bb1 88. Rb5 Ba2 89.
Kc2 Bf7 90. Rb1+ Ka2 91. Rg1 Bb3+ 92. Kc3 Be6 93. Rh1 Bg8 94. Kc2 Bb3+ 95. Kc1 Ka1
96. Kd2+ Kb2 97. Rc1 Ba4 98. Rc7 Bb3 99. Rb7 Ka2 100. Kc1 Bd5 101. Ra7+ Kb3 102.
Ra6 Kc3 103. Rd6 Kd4 104. Kd2 Ke5 105. Rxd5+ Kxd5  1/2-1/2

[Event "Summer Prague Open 2024 - A"]
[Site "Olympik hotel, Sokolovska 138, Praha"]
[Date "2024.08.08"]
[Round "8"]
[Board "21"]
[White "Ptacnikova, Lenka"]
[Black "Alimbetov, Dias"]
[Result "1/2-1/2"]
[WhiteElo "2086"]
[BlackElo "1887"]
[PlyCount "0"]
[EventDate "2024.08.02"]
[EventRounds "9"]
[EventCountry "CZE"]

1. c4 e5 2. g3 Nc6 3. Bg2 g6 4. e4 d6 5. Nc3 Bg7 6. Nge2 h5 7. h4 Be6 8. Nd5 Nd4
9. Nxd4 exd4 10. d3 c6 11. Nf4 Bd7 12. Bd2 Nf6 13. O-O Ng4 14. b4 O-O 15. a4 a6 16.
Qb3 Ne5 17. Ra3 Kh7 18. Rfa1 Bg4 19. Bc1 Qd7 20. b5 Bf3 21. Nh3 Bxg2 22. Kxg2 f5
23. bxa6 bxa6 24. Rb1 fxe4 25. dxe4 Kh8 26. Ng5 Bh6 27. Bf4 Bxg5 28. hxg5 c5 29.
Bxe5+ dxe5 30. Qb6 Qf7 31. Rb2 Qxc4 32. Qxg6 Qf7 33. Qd6 c4 34. f4 c3 35. Rb6 Qg7
36. Ra1 Rad8 37. Qc5 Rc8 38. Qa3 c2 39. Rh6+ Kg8 40. f5 Rc3 41. Qa2+ Qf7 42. Rg6+
Kh8 43. Rh6+ Kg8 44. Rg6+ Kh8 45. Rh6+ Kg8 46. Rg6+ Kh8  1/2-1/2

[Event "Summer Prague Open 2024 - A"]
[Site "Olympik hotel, Sokolovska 138, Praha"]
[Date "2024.08.08"]
[Round "8"]
[Board "22"]
[White "Kuhn, Ulf"]
[Black "Bohatyrov, Mykola"]
[Result "1-0"]
[WhiteElo "2082"]
[BlackElo "1847"]
[PlyCount "0"]
[EventDate "2024.08.02"]
[EventRounds "9"]
[EventCountry "CZE"]

1. c4 Nf6 2. Nf3 c5 3. Nc3 d5 4. cxd5 Nxd5 5. e3 Nxc3 6. bxc3 Nc6 7. d4 cxd4 8. cxd4
Bg4 9. Be2 e6 10. O-O Be7 11. Qb3 Rb8 12. Rd1 O-O 13. a4 Bd6 14. Ba3 Bxa3 15. Qxa3
Qf6 16. Rdc1 Rfd8 17. Qb2 Qe7 18. Rc5 Bxf3 19. Bxf3 e5 20. Rb5 a6 21. Rb6 e4 22.
Be2 a5 23. Rc1 Rdc8 24. Rcxc6  1-0

[Event "Summer Prague Open 2024 - A"]
[Site "Olympik hotel, Sokolovska 138, Praha"]
[Date "2024.08.08"]
[Round "8"]
[Board "23"]
[White "Yildirim, Kemal"]
[Black "Gurner, Jem"]
[Result "1-0"]
[WhiteElo "2029"]
[BlackElo "2070"]
[PlyCount "0"]
[EventDate "2024.08.02"]
[EventRounds "9"]
[EventCountry "CZE"]

1. e4 c5 2. Nf3 d6 3. d4 cxd4 4. Nxd4 Nf6 5. Nc3 a6 6. h3 e5 7. Nb3 h6 8. Be3 Be7
9. g4 Qc7 10. f4 exf4 11. Bxf4 Nc6 12. Qe2 Be6 13. O-O-O Ne5 14. Kb1 O-O-O 15. Qe3
Nfd7 16. Nd4 h5 17. Nf5 Bf8 18. gxh5 Rxh5 19. Be2 Rh7 20. Qg3 g6 21. Ne3 Nb6 22.
Ncd5 Bxd5 23. Nxd5 Nxd5 24. Rxd5 Bg7 25. Rhd1 Qb6 26. Qa3 Qc6 27. R1d4 Qb6 28. Rxd6
Rxd6 29. Rxd6 Qg1+ 30. Rd1 Qf2 31. Qd6 Rh8 32. Bxe5 Bxe5 33. Qxe5  1-0

[Event "Summer Prague Open 2024 - A"]
[Site "Olympik hotel, Sokolovska 138, Praha"]
[Date "2024.08.08"]
[Round "8"]
[Board "24"]
[White "Eedle, Eric F"]
[Black "Kroulik, Vaclav"]
[Result "1-0"]
[WhiteElo "1819"]
[BlackElo "2056"]
[PlyCount "0"]
[EventDate "2024.08.02"]
[EventRounds "9"]
[EventCountry "CZE"]

1. d4 Nf6 2. c4 e6 3. Nc3 Bb4 4. f3 d5 5. a3 Bxc3+ 6. bxc3 c5 7. cxd5 exd5 8. e3
Nc6 9. Bd3 O-O 10. Ne2 Re8 11. O-O Qd6 12. Ng3 Bd7 13. Rb1 b6 14. Qd2 Rac8 15. Bb2
cxd4 16. cxd4 Na5 17. e4 dxe4 18. fxe4 Nc4 19. Qf2 Nxb2 20. Qxb2 Ng4 21. Rbe1 h5
22. e5 Qh6 23. Qa2 Re7 24. Bc4 Rf8 25. Rf5 h4 26. Rh5 Qf4 27. Re4 Qc1+ 28. Nf1 Rc8
29. Bd3 Rc3 30. Qe2 Qxa3 31. Rxg4 Bxg4 32. Qxg4 g6 33. Bxg6 fxg6 34. Qxg6+ Rg7 35.
Qe8+ Qf8 36. Rh8+ Kxh8 37. Qxf8+ Kh7 38. e6 Rb3 39. e7 Rb2 40. Qxg7+  1-0

[Event "Summer Prague Open 2024 - A"]
[Site "Olympik hotel, Sokolovska 138, Praha"]
[Date "2024.08.08"]
[Round "8"]
[Board "25"]
[White "Kaderabek, Jiri"]
[Black "Flajsman, Pavel"]
[Result "0-1"]
[WhiteElo "2000"]
[BlackElo "2188"]
[PlyCount "0"]
[EventDate "2024.08.02"]
[EventRounds "9"]
[EventCountry "CZE"]

1. Nf3 d5 2. g3 Nf6 3. Bg2 e6 4. d3 c5 5. O-O Nc6 6. b3 Bd6 7. c4 d4 8. e3 O-O 9.
exd4 cxd4 10. Ba3 Bxa3 11. Nxa3 Re8 12. b4 Nxb4 13. Ne5 Nd7 14. Nxd7 Qxd7 15. Qb3
Na6 16. Rab1 Nc5 17. Qb5 Qe7 18. Qa5 e5 19. Nb5 b6 20. Qd2 Bb7 21. Bxb7 Nxb7 22.
Rbe1 Qc5 23. Qb2 a6 24. Na3 Nd6 25. Nc2 b5 26. cxb5 Nxb5 27. f4 e4 28. dxe4 d3+ 29.
Ne3 Rxe4 30. Qd2 Rae8 31. Kf2 Qc3 32. Qxc3 Nxc3 33. Nc4 Re2+ 34. Rxe2 Rxe2+ 35. Kf3
h5 36. a3 Nb5 37. Ne3 Nxa3 38. Rd1 Nc2 39. Rxd3  0-1

[Event "Summer Prague Open 2024 - A"]
[Site "Olympik hotel, Sokolovska 138, Praha"]
[Date "2024.08.08"]
[Round "8"]
[Board "26"]
[White "Cichon, Jakub"]
[Black "Toure, Vasanth"]
[Result "1-0"]
[WhiteElo "1979"]
[BlackElo "2176"]
[PlyCount "0"]
[EventDate "2024.08.02"]
[EventRounds "9"]
[EventCountry "CZE"]

1. e4 c6 2. d4 d5 3. Nc3 dxe4 4. Nxe4 Nf6 5. Ng3 e5 6. Nf3 exd4 7. Nxd4 Be7 8. Be3
O-O 9. Bc4 Re8 10. O-O Nbd7 11. c3 Nb6 12. Bb3 Nbd5 13. Bg5 h6 14. Bc1 Bf8 15. Ndf5
Be6 16. Qf3 Nh7 17. Rd1 Ng5 18. Qh5 Bxf5 19. Nxf5 Nf6 20. Bxg5 Nxh5 21. Bxd8 Raxd8
22. g3 Nf6 23. Kf1 Ne4 24. Nd4 g6 25. f3 Nc5 26. Bc2 Bg7 27. Kf2 Bf6 28. Rd2 Bg5
29. f4 Bf6 30. Kf3 Re7 31. Rad1 Rde8 32. Re2 Bxd4 33. Rxe7 Rxe7 34. cxd4 Na6 35.
a3 Nc7 36. Bb3 Kf8 37. d5 cxd5 38. Bxd5 Nxd5 39. Rxd5 Rc7 40. Ke4 Ke7 41. Rb5 b6
42. Kd5 Rc2 43. h4 h5 44. Ke5 f6+ 45. Kd5 Kd7 46. Rb3 Rd2+ 47. Ke4 Ke6 48. Ke3 Rc2
49. Ke4 Rg2 50. Kf3 Rd2 51. Ke3 Rh2 52. Ke4 Rc2 53. Kd3 Rc5 54. Ke4 Rc4+ 55. Kf3
Kd5 56. g4 hxg4+ 57. Kxg4 Rc2 58. Rb5+ Ke6 59. a4 Rd2 60. b3 Rd3 61. h5 f5+ 62. Kh4
gxh5 63. a5 Rd5 64. Rxd5 Kxd5 65. axb6 axb6 66. Kxh5 Kd4 67. Kg6 b5 68. Kxf5 Kc3
69. Kg4 Kxb3 70. f5 b4 71. f6 Ka2 72. f7 b3 73. f8=Q b2 74. Qa8+ Kb3 75. Qe4 Ka2
76. Qa4+  1-0

[Event "Summer Prague Open 2024 - A"]
[Site "Olympik hotel, Sokolovska 138, Praha"]
[Date "2024.08.08"]
[Round "8"]
[Board "27"]
[White "Pujari, Rucha"]
[Black "Halafov, Ilgar"]
[Result "1-0"]
[WhiteElo "2175"]
[BlackElo "1975"]
[PlyCount "0"]
[EventDate "2024.08.02"]
[EventRounds "9"]
[EventCountry "CZE"]

1. d4 Nf6 2. c4 g6 3. Nf3 Bg7 4. g3 O-O 5. Bg2 d6 6. Nc3 Nc6 7. d5 Na5 8. Nd2 c5
9. O-O a6 10. Qc2 b5 11. b3 Rb8 12. Rb1 Bd7 13. h3 Qc7 14. Bb2 Rb7 15. e4 Rbb8 16.
Kh2 e6 17. f4 bxc4 18. bxc4 exd5 19. Nxd5 Nxd5 20. cxd5 Rxb2 21. Rxb2 Bxb2 22. Qxb2
Bb5 23. Rc1 Re8 24. e5 dxe5 25. Ne4 Qe7 26. d6 Qe6 27. fxe5 Qxe5 28. Qxe5 Rxe5 29.
d7 Bxd7 30. Nf6+ Kg7 31. Nxd7 Re2 32. a4 c4 33. Nb6 Ra2 34. g4 Kf6 35. Kg3 Ra3+ 36.
Bf3 Ke6 37. Nxc4 Rxa4 38. Bd5+ Ke7 39. Re1+ Kf8 40. Ne5 Rd4 41. Bxf7 Nb7 42. Nf3
Ra4 43. Bd5 Nc5 44. Re3 Ra1 45. Ng5 h5 46. Nh7+  1-0

[Event "Summer Prague Open 2024 - A"]
[Site "Olympik hotel, Sokolovska 138, Praha"]
[Date "2024.08.08"]
[Round "8"]
[Board "28"]
[White "Kotal, Vaclav"]
[Black "Davidek, Zdenek"]
[Result "1-0"]
[WhiteElo "2151"]
[BlackElo "1964"]
[PlyCount "0"]
[EventDate "2024.08.02"]
[EventRounds "9"]
[EventCountry "CZE"]

1. d4 Nf6 2. c4 e6 3. Nc3 Bb4 4. g3 O-O 5. Bg2 d5 6. Nf3 dxc4 7. O-O Nc6 8. a3 Be7
9. e4 a6 10. Bf4 b5 11. Re1 Bb7 12. Rc1 Na5 13. Rc2 Re8 14. Ne5 Nb3 15. d5 Bd6 16.
Rce2 g5 17. Nxf7 Kxf7 18. e5 Nxd5 19. Nxd5 gxf4 20. exd6 Qxd6 21. Qb1 Bxd5 22. Qxh7+
Kf6 23. Qh4+ Kf7 24. Bxd5 Qxd5 25. Re5 Qd2 26. Qh5+ Kf8 27. R1e4 fxg3 28. Qf3+ Ke7
29. Rxe6+ Kd7 30. Qf7+ Kc8 31. Rxe8+ Kb7 32. hxg3 Rxe8 33. Rxe8 Qxb2 34. Qd5+ Kb6
35. Re6+ Ka5 36. Qb7 Ka4 37. Rxa6+ Na5 38. Rxa5+  1-0

[Event "Summer Prague Open 2024 - A"]
[Site "Olympik hotel, Sokolovska 138, Praha"]
[Date "2024.08.09"]
[Round "9"]
[Board "1"]
[White "Prokofiev, Valentyn"]
[Black "Veleshnja, Zino"]
[Result "0-1"]
[WhiteElo "2381"]
[BlackElo "2252"]
[PlyCount "0"]
[EventDate "2024.08.02"]
[EventRounds "9"]
[EventCountry "CZE"]

1. c4 Nf6 2. Nc3 e6 3. e4 c5 4. e5 Ng8 5. Nf3 Nc6 6. d4 cxd4 7. Nxd4 Nxe5 8. Ndb5
a6 9. Nd6+ Bxd6 10. Qxd6 f6 11. Be3 Ne7 12. Bb6 Nf5 13. Qb4 Qe7 14. Bc5 d6 15. Bb6
Bd7 16. f4 Nc6 17. Qa3 Rc8 18. O-O-O Nb8 19. g4 Bc6 20. Rg1 Nh6 21. Bh3 Nd7 22. g5
Nf5 23. gxf6 Qxf6 24. Bxf5 Qxf5 25. Bd4 Nc5 26. Bxc5 dxc5 27. Rxg7 Qxf4+ 28. Kb1
Rf8 29. Qxc5 Be4+ 30. Nxe4 Qxe4+  0-1

[Event "Summer Prague Open 2024 - A"]
[Site "Olympik hotel, Sokolovska 138, Praha"]
[Date "2024.08.09"]
[Round "9"]
[Board "2"]
[White "Anwesh, Upadhyaya"]
[Black "Golenia, Wojciech"]
[Result "1-0"]
[WhiteElo "2373"]
[BlackElo "2212"]
[PlyCount "0"]
[EventDate "2024.08.02"]
[EventRounds "9"]
[EventCountry "CZE"]

1. e4 e5 2. Nf3 Nc6 3. Nc3 Nf6 4. d4 exd4 5. Nxd4 Bb4 6. Nxc6 bxc6 7. Bd3 d5 8. exd5
cxd5 9. O-O O-O 10. Bg5 c6 11. Qf3 h6 12. Bxf6 Qxf6 13. Qxf6 gxf6 14. Ne2 Bd7 15.
Nd4 Rfe8 16. Bf5 Bxf5 17. Nxf5 Bf8 18. Rfe1 Re5 19. Nd4 Rb8 20. b3 Rbe8 21. Kf1 Rc8
22. f4 Rxe1+ 23. Rxe1 a5 24. Rd1 a4 25. bxa4 c5 26. Nb5 Ra8 27. Nc7 Rxa4 28. Nxd5
Rxa2 29. Nxf6+ Kg7 30. Ne8+ Kg6 31. Rd2 Kf5 32. g3 c4 33. Re2 h5 34. Kg2 f6 35. Nc7
Bc5 36. Nd5 h4 37. Kh3 hxg3 38. hxg3 Ra1 39. g4+ Kg6 40. Re6 Bd4 41. Rc6 Ra3+ 42.
Kg2 Ra4 43. c3 Ra5 44. Rxc4 Rxd5 45. Rxd4 Ra5 46. Kf3 Kf7 47. Ke4 Ra3 48. Rc4 Ra5
49. Rc7+ Ke6 50. Rc6+ Ke7 51. c4 Kf7 52. c5 Ke7 53. Kf5 Rb5 54. Re6+ Kd7 55. Kxf6
Rxc5 56. Re7+ Kd6 57. Re4  1-0

[Event "Summer Prague Open 2024 - A"]
[Site "Olympik hotel, Sokolovska 138, Praha"]
[Date "2024.08.09"]
[Round "9"]
[Board "3"]
[White "Pulpan, Jakub"]
[Black "Kulhanek, Tomas"]
[Result "1-0"]
[WhiteElo "2378"]
[BlackElo "2317"]
[PlyCount "0"]
[EventDate "2024.08.02"]
[EventRounds "9"]
[EventCountry "CZE"]

1. e4 d6 2. d4 Nf6 3. Nc3 g6 4. Be3 c6 5. h3 Qa5 6. Bd3 Bg7 7. f4 e5 8. Nf3 exd4
9. Bxd4 O-O 10. O-O Nbd7 11. Qd2 Nc5 12. Kh2 Nxd3 13. cxd3 Qd8 14. Ne2 b6 15. Be3
d5 16. e5 Ne8 17. Ng3 f5 18. exf6 Nxf6 19. b4 a5 20. Rac1 Bd7 21. Qf2 axb4 22. Bxb6
Qb8 23. Ne5 Ra3 24. Bc5 Re8 25. Rb1 Qa8 26. Rb2 Bf8 27. Bxf8 Rxf8 28. f5 Qb8 29.
Qf4 Nh5 30. Nxh5 Rxf5 31. Nf6+ Kg7 32. Nfxd7 Rxf4 33. Nxb8 Rxf1 34. Nbxc6 Re1 35.
Nf3 Rd1 36. Nxb4 Ra7 37. Nd4 Rb7 38. Ne6+ Kh6 39. Nf4 d4 40. Ne6 Rd7 41. Re2 Rb7
42. Re4 Rxb4 43. Rh4#  1-0

[Event "Summer Prague Open 2024 - A"]
[Site "Olympik hotel, Sokolovska 138, Praha"]
[Date "2024.08.09"]
[Round "9"]
[Board "4"]
[White "Petr, Jakub"]
[Black "Neuman, Petr"]
[Result "0-1"]
[WhiteElo "2243"]
[BlackElo "2426"]
[PlyCount "0"]
[EventDate "2024.08.02"]
[EventRounds "9"]
[EventCountry "CZE"]

1. d4 d5 2. c4 e6 3. Nf3 a6 4. g3 dxc4 5. Bg2 Nc6 6. O-O Rb8 7. b3 cxb3 8. axb3 Nf6
9. Bb2 Be7 10. Nbd2 O-O 11. Rc1 Nb4 12. Ne5 Nd7 13. Ndc4 Nxe5 14. Nxe5 f6 15. Nd3
Nxd3 16. Qxd3 Bd6 17. Rfd1 Qe7 18. Qc4 Bd7 19. f4 Bb5 20. Qc2 c6 21. e4 Bb4 22. Bc3
Rbd8 23. Bh3 Rfe8 24. Bxe6+ Qxe6 25. Bxb4 Qxe4 26. Qxe4 Rxe4 27. Bc3 Rde8 28. Re1
Be2 29. Kf2 Kf7 30. Bd2 Bg4 31. Rxe4 Rxe4 32. Be3 Be6 33. b4 Bd5 34. Ke2 Ke6 35.
Kd3 h6 36. Re1 Kf5 37. h3 h5 38. g4+ hxg4 39. hxg4+ Kxg4 40. Rg1+ Kf5 41. Rxg7 b5
42. Ra7 Re8 43. Rxa6 Rh8 44. Ra3 Rh2 45. Kc3 Ke4 46. Bd2 Bc4 47. Bc1 f5 48. Bd2 Rh7
49. Kc2 Kxd4 50. Bc3+ Ke4 51. Be5 Rh2+ 52. Kc3 Bd3 53. Ra7 Rc2+ 54. Kb3 Rc4 55. Rd7
Bc2+ 56. Kb2 Ba4 57. Ka3 Ke3 58. Rd6 Bc2 59. Kb2 Be4 60. Ka3 Bd5 61. Rh6 Rc2 62.
Rh3+ Ke4 63. Bb2 Kxf4 64. Rh4+ Kg3  0-1

[Event "Summer Prague Open 2024 - A"]
[Site "Olympik hotel, Sokolovska 138, Praha"]
[Date "2024.08.09"]
[Round "9"]
[Board "5"]
[White "Sramek, Vojtech"]
[Black "Nothnagel, Marian Can"]
[Result "0-1"]
[WhiteElo "2237"]
[BlackElo "2410"]
[PlyCount "0"]
[EventDate "2024.08.02"]
[EventRounds "9"]
[EventCountry "CZE"]

1. e4 e5 2. Nf3 Nc6 3. Bc4 Nf6 4. d3 Bc5 5. c3 d6 6. O-O a5 7. Nbd2 Ba7 8. h3 h6
9. Re1 g5 10. Nf1 g4 11. hxg4 Nxg4 12. Be3 Nxe3 13. Nxe3 Rg8 14. d4 Qf6 15. Nd5 Qg7
16. Bf1 Kd8 17. dxe5 Nxe5 18. Nxe5 Qxe5 19. Qf3 Be6 20. Rad1 Rg6 21. Qf4 Qxf4 22.
Nxf4 Rg4 23. Nd5 c6 24. Ne3 Rxe4 25. Rxd6+ Kc7 26. Rd3 Bxe3 27. Rdxe3 Rxe3 28. Rxe3
Bxa2 29. c4 a4 30. Re7+ Kb6 31. Rxf7 Rd8 32. f4 Rd1 33. c5+ Ka7  0-1

[Event "Summer Prague Open 2024 - A"]
[Site "Olympik hotel, Sokolovska 138, Praha"]
[Date "2024.08.09"]
[Round "9"]
[Board "6"]
[White "Garcia Roman, Daniel"]
[Black "Schmitz, Thorsten"]
[Result "1/2-1/2"]
[WhiteElo "2397"]
[BlackElo "2218"]
[PlyCount "0"]
[EventDate "2024.08.02"]
[EventRounds "9"]
[EventCountry "CZE"]

1. d4 Nf6 2. Nf3 g6 3. c4 Bg7 4. Nc3 O-O 5. e4 d6 6. Be2 Nbd7 7. O-O e5 8. Qc2 c6
9. d5 c5 10. g3 Kh8 11. Bg5 h6 12. Bd2 Ng8 13. Nh4 a6 14. a3 h5 15. Ng2 Qe7 16. Rae1
Ndf6 17. h4 Qd7 18. Ne3 Nh6 19. Bf3 Nfg4 20. Na4 Qc7 21. b4 b6  1/2-1/2

[Event "Summer Prague Open 2024 - A"]
[Site "Olympik hotel, Sokolovska 138, Praha"]
[Date "2024.08.09"]
[Round "9"]
[Board "7"]
[White "Kuhn, Tobias"]
[Black "Mirimanian, Hayk"]
[Result "1/2-1/2"]
[WhiteElo "2223"]
[BlackElo "2290"]
[PlyCount "0"]
[EventDate "2024.08.02"]
[EventRounds "9"]
[EventCountry "CZE"]

1. e4 c5 2. Nf3 e6 3. d4 cxd4 4. Nxd4 a6 5. c4 Nf6 6. Nc3 Qc7 7. a3 b6 8. Be3 Bb7
9. f3 d6 10. Be2 Be7 11. O-O Nbd7 12. Qd2 Rc8 13. Rac1 Qb8 14. b4 O-O 15. Rfd1 Bd8
16. Nb3 Ne5 17. Na4 d5 18. exd5 exd5 19. Nxb6 Bxb6 20. Bxb6 dxc4 21. Nd4 c3 22. Qe1
Bxf3 23. Bc5 Bxe2 24. Nxe2 Rfe8 25. Qxc3 Ne4 26. Qd4 Ng4 27. g3 Nxh2 28. Kxh2 Nxc5
29. Nf4 Ne6 30. Nxe6 fxe6 31. Rxc8 Qxc8 32. Qd7 Qc2+ 33. Rd2 Qg6 34. Kg2 Qe4+ 35.
Kh2 Rf8 36. Qd4 Qe1 37. Qd3 Rf6 38. Qd8+ Rf8 39. Qd3 Rf5 40. Qe2 Qxe2+ 41. Rxe2 Kf7
42. Rc2 Rf3 43. a4 Rb3 44. Rc6 Rxb4 45. Rxa6 Kf6 46. a5 Ra4 47. Ra8 Kf5 48. Kh3 h5
49. a6 Kg5 50. a7 h4 51. gxh4+ Rxh4+ 52. Kg3 Ra4 53. Kf3 e5 54. Re8 Ra3+ 55. Kg2
Ra2+ 56. Kg3 Ra3+ 57. Kg2 Rxa7 58. Rxe5+ Kf4 59. Re2 Ra6 60. Rf2+ Kg4 61. Rb2 Ra4
62. Rc2 Kh4 63. Rb2 g5 64. Rc2 Ra3 65. Rb2 g4 66. Rc2 Rg3+ 67. Kh2 Ra3 68. Kg2 Rg3+
69. Kh2 Ra3  1/2-1/2

[Event "Summer Prague Open 2024 - A"]
[Site "Olympik hotel, Sokolovska 138, Praha"]
[Date "2024.08.09"]
[Round "9"]
[Board "8"]
[White "Pahud, Cedric"]
[Black "Camarena Jimenez, Rufino"]
[Result "1/2-1/2"]
[WhiteElo "2152"]
[BlackElo "2279"]
[PlyCount "0"]
[EventDate "2024.08.02"]
[EventRounds "9"]
[EventCountry "CZE"]

1. Nf3 Nf6 2. g3 c5 3. c4 Nc6 4. b3 g6 5. Bb2 Bg7 6. Bg2 d6 7. d4 cxd4 8. Nxd4 Bd7
9. e3 h5 10. h3 Nxd4 11. exd4 d5 12. Nd2 Bc6 13. c5 Ne4 14. Qc2 Nxd2 15. Qxd2 a5
16. O-O O-O 17. a3 Qd7 18. b4 a4 19. f4 Bb5 20. Rf3 Ra6 21. Kh2 Qf5 22. Re1 Re8 23.
Rfe3 Kf8 24. h4 Qd7  1/2-1/2

[Event "Summer Prague Open 2024 - A"]
[Site "Olympik hotel, Sokolovska 138, Praha"]
[Date "2024.08.09"]
[Round "9"]
[Board "9"]
[White "Eret, Matous"]
[Black "Persson, Andreas"]
[Result "1/2-1/2"]
[WhiteElo "2316"]
[BlackElo "2139"]
[PlyCount "0"]
[EventDate "2024.08.02"]
[EventRounds "9"]
[EventCountry "CZE"]

1. a3 d5 2. Nf3 Nf6 3. c4 e6 4. e3 Nbd7 5. b3 Bd6 6. Bb2 O-O 7. Be2 Re8 8. Nc3 a6
9. Qc2 b6 10. g4 Bb7 11. g5 Ne4 12. Rg1 c5 13. O-O-O b5 14. Bd3 bxc4 15. bxc4 Rb8
16. Nxe4 dxe4 17. Bxe4 Bxe4 18. Qxe4 Qb6 19. Qc2 Qb7 20. Nh4 Be5 21. Bxe5 Nxe5 22.
d3 Red8 23. Kd2 Rxd3+ 24. Ke2 Rxa3 25. Rb1 Rb3 26. Rxb3 Qxb3 27. Qxb3 Rxb3 28. Ra1
Rb2+ 29. Kf1 Nxc4 30. Rxa6 g6 31. Nf3 Nd2+ 32. Nxd2 Rxd2 33. Rc6 Rc2 34. Rc8+ Kg7
35. Kg2 c4 36. Kf3 c3 37. h4 Rc1 38. Ke4 Rh1 39. Rxc3 Rxh4+ 40. f4 h6 41. gxh6+ Rxh6
42. Rc7 Rh1 43. Ra7 Rd1 44. Rc7 Kf8 45. Ra7 Rd5 46. Rc7 Ke8 47. Ra7 Rd7 48. Ra8+
Ke7 49. Rh8 Ra7 50. Rg8 Kf6 51. Rb8 Ra4+ 52. Kf3 g5 53. Rb5 gxf4 54. exf4 Rd4 55.
Ra5 Rd5 56. Ra7 Kg6 57. Re7 Ra5 58. Kg3 Ra6 59. Kf3 f6 60. Rb7 Ra3+ 61. Kf2 Kf5 62.
Rf7 Ra4 63. Kg3 Ra8 64. Kf3 Rg8 65. Ra7 Rd8 66. Rf7 Rd3+ 67. Kf2 Ra3 68. Kg2 Kxf4
69. Rxf6+ Ke5 70. Rf8 Ke4 71. Rf2 e5 72. Re2+ Kd4 73. Kf2 e4 74. Rd2+ Rd3 75. Ke2
Kc3 76. Ra2 Kc4 77. Ra4+ Kd5 78. Ra8  1/2-1/2

[Event "Summer Prague Open 2024 - A"]
[Site "Olympik hotel, Sokolovska 138, Praha"]
[Date "2024.08.09"]
[Round "9"]
[Board "10"]
[White "Konopka, Michal"]
[Black "Krawczyk, Wojciech"]
[Result "1-0"]
[WhiteElo "2325"]
[BlackElo "2114"]
[PlyCount "0"]
[EventDate "2024.08.02"]
[EventRounds "9"]
[EventCountry "CZE"]

1. Nf3 d5 2. d4 Nf6 3. c4 e6 4. g3 c6 5. Nbd2 b6 6. Bg2 Bb7 7. O-O Bd6 8. Qc2 Nbd7
9. e4 dxe4 10. Ng5 O-O 11. Ndxe4 Be7 12. Rd1 h6 13. Nxf6+ Nxf6 14. Nf3 Qc8 15. b3
Rd8 16. Qe2 Bf8 17. Bb2 Nd7 18. Rac1 a5 19. Nd2 a4 20. Ne4 axb3 21. axb3 Qc7 22.
d5 exd5 23. cxd5 c5 24. Qg4 Qb8 25. Qf5 Bd6 26. Qg4 Be5 27. Bc3 Bxc3 28. Nxc3 Nf6
29. Qf5 Qc8 30. Qxc8 Bxc8 31. Na4 Rd6 32. Nb2 Rb8 33. Nc4 Rd8 34. Ne5 Rd6 35. Nc4
Rd8 36. Ne5 Rd6 37. Nc4 Rd8 38. d6 Bb7 39. Ne5 Ne8 40. d7 Nf6 41. Nc6 Bxc6 42. Bxc6
Kf8 43. Rd2 Ng8 44. Re1 Ne7 45. Bb5 Ng8 46. Re8+ Rxe8 47. dxe8=Q+ Rxe8 48. Bxe8 Kxe8
49. Rd6 Ne7 50. Rxb6 Kd7 51. Rb7+ Kd6 52. Kf1 f5 53. Ke2 g5 54. Kd3 Nc6 55. Rh7 Ne5+
56. Ke2 Kd5 57. Rxh6 Nc6 58. Rxc6 Kxc6 59. h4  1-0

[Event "Summer Prague Open 2024 - A"]
[Site "Olympik hotel, Sokolovska 138, Praha"]
[Date "2024.08.09"]
[Round "9"]
[Board "11"]
[White "Neukirchner, Pascal"]
[Black "Yildirim, Kemal"]
[Result "1-0"]
[WhiteElo "2261"]
[BlackElo "2029"]
[PlyCount "0"]
[EventDate "2024.08.02"]
[EventRounds "9"]
[EventCountry "CZE"]

1. Nf3 d5 2. g3 Nf6 3. Bg2 c5 4. O-O Nc6 5. d4 e6 6. c4 Be7 7. cxd5 exd5 8. dxc5
Bxc5 9. a3 O-O 10. b4 Bb6 11. Nc3 h6 12. Bb2 Re8 13. Rc1 Bg4 14. Na4 Qe7 15. Nxb6
axb6 16. Re1 h5 17. h3 Bf5 18. Nd4 Bg6 19. Nxc6 bxc6 20. Rxc6 Ne4 21. Qd4 Nf6 22.
Qxb6 Nd7 23. Qd4 Nf6 24. e3 Be4 25. Rec1 Rad8 26. b5 h4 27. g4 Bxg2 28. Kxg2 Qd7
29. f3 Re6 30. Rxe6 Qxe6 31. Rc6 Qe7 32. Qe5 Qd7 33. Rxf6 Qxb5 34. Kf2 Qd3 35. Qc3
Qxc3 36. Bxc3 gxf6 37. Bxf6 Rc8 38. Bxh4 Rc2+ 39. Kg3 Rc3 40. Kf4 Rxa3 41. Bf6 Ra6
42. Kf5 Re6 43. Bd4 Rh6 44. Ke5 Rxh3 45. f4 Rh6 46. Kxd5 Rg6 47. g5 Ra6 48. Ke5 Kf8
49. e4 Rc6 50. Kd5 Ra6 51. f5 Ke7 52. Bc5+ Kd7 53. e5 Ra2 54. g6 Rd2+ 55. Kc4 Rc2+
56. Kb4 Ke8 57. e6 f6 58. Bd4 Ke7 59. Bc5+ Ke8 60. Kb3 Rg2 61. Kc4 Rg5 62. Be3 Rg3
63. Kd4 Ke7 64. Ke4 Rh3 65. Bc5+ Ke8 66. Kf4 Rh4+ 67. Kg3 Rh5 68. Kg4 Rg5+ 69. Kf4
Rg2 70. Be3 Rh2 71. Kg3 Rh8 72. g7 Rg8 73. Bh6 Ke7 74. Kg4 Ra8 75. Kh5 Ra2 76. g8=Q
Rh2+ 77. Kg6 Rg2+ 78. Kh7 Rxg8 79. Kxg8  1-0